A pale view of hills /

Bibliographic Details
Main Author: Ishiguro, Kazuo, 1954-
Format: Book
Language:English
Published: London : Faber, 2021.
Edition:Paperback edition.
Subjects:
Classic Catalogue: View this record in Classic Catalogue
LEADER 01691nam a2200397 a 4500
001 45416
003 BD-DhAAL
005 20260401134553.0
008 260401t20211988nyu 000 1 eng
010 |a  90050178  
020 |a 9780571258253 
020 |a 067972267X :  |c $8.95 
035 |a 582927 
040 |a DLC  |c DLC  |d DLC  |d BD-DhAAL 
043 |a a-ja---  |a e-uk-en 
050 1 0 |a PR6059.S5  |b P35 1990 
082 0 0 |a 823.914  |2 20 
100 1 |a Ishiguro, Kazuo,  |d 1954- 
245 1 2 |a A pale view of hills /  |c Kazuo Ishiguro. 
250 |a Paperback edition. 
260 |a London :  |b Faber,  |c 2021. 
300 |a 183 pages ;  |c 21 cm. 
541 1 |a Donated by Farhana Zahir, Assistant Professor, BRAC Business School, BRAC University  |e 45416 
650 0 |a Mothers and daughters  |x Fiction.  |9 60400 
650 0 |a Japanese  |z England  |x Fiction.  |9 60401 
650 0 |a Women  |z Japan  |x Fiction.  |9 60402 
650 0 |a Female friendship  |x Fiction.  |9 12583 
650 0 |a Suicide victims  |x Fiction.  |9 60403 
650 0 |a Psychological fiction, Japanese.  |9 60404 
651 0 |a Nagasaki-shi (Japan)  |x History  |y Bombardment, 1945  |x Fiction.  |9 60405 
651 0 |a England  |x Fiction. 
655 7 |a Psychological fiction.  |2 lcsh 
852 1 |a Ayesha Abed Library  |c General Stacks 
942 |2 ddc  |c BK 
999 |c 47760  |d 47760 
952 |0 0  |1 0  |2 ddc  |4 0  |6 823_914000000000000_ISH  |7 0  |9 78877  |a BRACUL  |b BRACUL  |c NEW  |d 2026-03-08  |e Donated by Farhana Zahir, Assistant Professor, BRAC Business School, BRAC University  |l 2  |m 5  |o 823.914 ISH  |p 3010045416  |q 2026-06-02  |r 2026-04-16  |s 2026-04-16  |t 1  |w 2026-04-01  |y BK  |x Donated copy received from Farhana Zahir, Assistant Professor, BRAC Business School, BRAC University on 17 February 2026; £ 9.66